Normal view
MARC view
- Snell, Richard S
Entry Personal Name
001 - CONTROL NUMBER
- control field: 87668
003 - CONTROL NUMBER IDENTIFIER
- control field: NUST
005 - DATE AND TIME OF LATEST TRANSACTION
- control field: 20220110151423.0
008 - FIXED-LENGTH DATA ELEMENTS
- fixed length control field: 220110|| aca||aabn | a|a d
040 ## - CATALOGING SOURCE
- Original cataloging agency: NUST
- Transcribing agency: NUST
100 ## - HEADING--PERSONAL NAME
- Personal name: Snell, Richard S
670 ## - SOURCE DATA FOUND
- Source citation: Work cat.: (NUST)33020: Snell, Richard S., Clinical anatomy by regions /, c2008.
